000 00345nam a2200133Ia 4500
008 230312s9999||||xx |||||||||||||| ||und||
082 _a891.4
_bRAF-P
100 _aرفیعح الدین ذکی قریشی اشرفی
245 0 _aپَر تَوِ نعت
260 _bAlmadina
_apak
_c2013
300 _a144
650 _aLiterature
942 _cBK
999 _c15040
_d15040